Historia 1 : (Record no. 27737)

MARC details
000 -CABECERA
campo de control de longitud fija 00647nam a2200205 a 4500
005 - FECHA Y HORA DE LA ÚLTIMA TRANSACCIÓN
campo de control 20220520063737.0
008 - ELEMENTOS DE LONGITUD FIJA--INFORMACIÓN GENERAL
campo de control de longitud fija 991125s1994 mx 000 0 spa u
020 ## - NÚMERO INTERNACIONAL NORMALIZADO PARA LIBROS
Número Internacional Estándar del Libro 9684127790
035 ## - NÚMERO DE CONTROL DEL SISTEMA
Número de control de sistema UPN01000027737
049 ## - COLECCIÓN
Colección LT
050 #4 - SIGNATURA TOPOGRÁFICA DE LA BIBLIOTECA DEL CONGRESO
Número de clasificación LB1641 M6.1
Número de documento/Ítem H57
245 00 - MENCIÓN DE TÍTULO
Título Historia 1 :
Resto del título primer año de secundaria /
Mención de responsabilidad, etc. José Luis Ruiz de Esparza... [et al.]
260 ## - PUBLICACIÓN, DISTRIBUCIÓN, ETC.
Lugar de publicación, distribución, etc. México :
Nombre del editor, distribuidor, etc. Esfinge,
Fecha de publicación, distribución, etc. 1994
300 ## - DESCRIPCIÓN FÍSICA
Extensión 176 p. :
Otras características físicas il.
500 ## - NOTA GENERAL
Nota general "Conforme a los programas oficiales vigentes"
650 #4 - ASIENTO SECUNDARIO DE MATERIA - TERMINO TEMATICO
Término de materia o nombre geográfico como elemento de entrada Historia
Subdivisión general Estudio y enseñanza (Secundaria)
9 (RLIN) 5248
700 2# - ASIENTO SECUNDARIO--NOMBRE DE PERSONAL
Nombre de persona Ruiz de Esparza, José Luis,
Término indicativo de función/relación coaut.
904 ## - ELEMENTOS DE DATOS D LOCAL, LDD (RLIN)
a AC
b 027738
905 ## - TIPO DE MATERIAL
Tipo de material Libro
Holdings
Estado de retiro Estado de pérdida Fuente del sistema de clasificación o colocación Estado dañado No para préstamo Código de colección Localización permanente Ubicación/localización actual Ubicación en estantería Fecha de adquisición Enumeración/cronología de publicación seriada Clasificación Código de barras Fecha visto por última vez Número de copia Tipo de ítem Koha
    Library of Congress Classification   Disponible (Préstamo en sala) Libros de texto Bib. Gregorio Torres Quintero Bib. Gregorio Torres Quintero Colecciones especiales Planta alta 25/05/2023 - LB1641 M6.1 H57 116603 31/12/2020 1 Libro